Statystyki dla Chivas-Opium

Kliknij tutaj aby rozwiązać quiz!

Ogólne statystyki

  • Ten quiz został rozwiązany 15 razy
  • Średni wynik to 279 z 316

Statystyki odpowiedzi

Odpowiedź% Poprawnych
a
100%
bluzie
100%
czuję
100%
i
100%
100%
ja
100%
je
100%
jej
100%
kasie
100%
myślę
100%
na
100%
nie
100%
opium
100%
pani
100%
się
100%
ta
100%
to
100%
ty
100%
tylko
100%
zawsze
100%
że
100%
apteki
92%
bo
92%
boję
92%
boje
92%
chcą
92%
co
92%
do
92%
idę
92%
inaczej
92%
jak
92%
koszyk
92%
ktoś
92%
leczyć
92%
ludzi
92%
ma
92%
mam
92%
mi
92%
mnie
92%
myśli
92%
nawet
92%
papier
92%
pełny
92%
perfumerii
92%
półki
92%
pozostał
92%
puste
92%
taki
92%
takie
92%
tam
92%
te
92%
terapeuci
92%
tłumu
92%
ukradnie
92%
unikamy
92%
wie
92%
wszyscy
92%
zęby
92%
żeby
92%
albo
85%
bardzo
85%
chce
85%
duch
85%
ducha
85%
duży
85%
kocha
85%
ona
85%
pachniesz
85%
pamiętam
85%
tatę
85%
wyglądasz
85%
zapomniałem
85%
akurat
77%
brakuje
77%
całe
77%
chciałbym
77%
czuć
77%
czucia
77%
deathcore
77%
ich
77%
nagrywamy
77%
no
77%
szczęście
77%
uśmiech
77%
używam
77%
zasnę
77%
69%
jest
69%
lepiej
69%
mówię
69%
niewidoczny
69%
noc
69%
piekło
69%
przechodzę
69%
przez
69%
sobie
69%
spało
69%
twarzy
69%
wiesz
69%
ale
62%
być
62%
chciałem
62%
chodzić
62%
ciągle
62%
czy
62%
dobrze
62%
gdy
62%
jeśli
62%
każesz
62%
kocham
62%
kolczyki
62%
krew
62%
od
62%
odpowiem
62%
pewnie
62%
pościel
62%
uśmiechnięty
62%
vvs
62%
weź
62%
wiedzą
62%
wiem
62%
zaniedbuję
62%
zasnąć
62%
będzie
54%
chcesz
54%
chelsea
54%
pomóż
54%
sen
54%
śnieżnobiałą
54%
zły
54%
chain
46%
deathcoreowy
46%
vivienne
31%

Rozkład punktacji

Percentyl według liczby udzielonych odpowiedzi

Procent ludzi z każdym wynikiem

Twoja historia wyników

Nie rozwiązałeś tego quizu